[Event "4NCL/Div2/BCCA-TWR"]
[Site "Rd11-Birmingham"]
[Date "2000.05.01"]
[Round "11.7"]
[White "Milnes, Anthony"]
[Black "Jones, Rupert"]
[Result "1-0"]
[WhiteElo "2056"]
[BlackElo "1776"]
[PlyCount "85"]
[EventDate "2000.05.01"]

1. e4 d5 2. exd5 Nf6 3. Be2 Nxd5 4. d4 Bf5 5. Nf3 Nb4 6. Na3 e6 7. c3 Nd5 8.
Nc2 Bd6 9. O-O Nc6 10. Re1 O-O 11. a3 Nf4 12. Bf1 Qf6 13. Bxf4 Bxf4 14. Ne3 Bg6
15. Ng4 Qd8 16. Nge5 Bh5 17. Nxc6 bxc6 18. Be2 Rb8 19. b4 Qd5 20. g3 Bd6 21. c4
Qf5 22. c5 Be7 23. Ne5 Bxe2 24. Rxe2 Rfe8 25. Nxc6 Ra8 26. Nxe7+ Rxe7 27. Re5
Qf6 28. Qe2 Rd7 29. Rd1 c6 30. Re4 Rad8 31. Rf4 Qe7 32. Qa6 e5 33. Re4 Rxd4 34.
Rdxd4 Rxd4 35. Rxd4 exd4 36. Qc8+ Qf8 37. Qxc6 Qd8 38. Qd6 Qxd6 39. cxd6 Kf8
40. Kf1 Ke8 41. Ke2 Kd7 42. Kd3 Kxd6 43. Kxd4 1-0

[Event "4NCL/Div2/BCCA-TWR"]
[Site "Rd11-Birmingham"]
[Date "2000.05.01"]
[Round "11.8"]
[White "Barnes, Lara"]
[Black "Khoo, Teresa"]
[Result "1/2-1/2"]
[WhiteElo "1640"]
[BlackElo "1456"]
[PlyCount "39"]
[EventDate "2000.05.01"]

1. e3 e5 2. d4 exd4 3. exd4 Nf6 4. Bd3 d5 5. Ne2 Bd6 6. Bf4 Be6 7. Nd2 Nc6 8.
c3 Nh5 9. Bxd6 Qxd6 10. O-O O-O 11. f4 Bg4 12. g3 Rae8 13. Nf3 Bxf3 14. Rxf3
Nf6 15. Qc2 Ne4 16. a3 Qf6 17. Raf1 Re7 18. b4 Rfe8 19. Nc1 h6 20. Nb3 1/2-1/2

[Event "4NCL/Div1/BARB1-BARB2"]
[Site "Rd01-Birmingham"]
[Date "2000.09.23"]
[Round "1.1"]
[White "Parker, Jonathan"]
[Black "Rogers, Jonathan"]
[Result "1-0"]
[WhiteElo "2539"]
[BlackElo "2329"]
[PlyCount "73"]
[EventDate "2000.09.23"]

1. c4 e6 2. Nc3 Bb4 3. g3 Nf6 4. Bg2 O-O 5. Qb3 Bxc3 6. Qxc3 d5 7. Nf3 Nc6 8.
d4 dxc4 9. Qxc4 Qd5 10. Qxd5 exd5 11. Bf4 Re8 12. e3 Nb4 13. O-O Nd3 14. Bxc7
Nxb2 15. Rab1 Nc4 16. Rfc1 Re7 17. Bd8 Re8 18. Bxf6 gxf6 19. Ne1 Nb6 20. Nd3
Bd7 21. Rc5 Na4 22. Rc7 Bf5 23. Bf1 Rec8 24. Rbxb7 Rxc7 25. Rxc7 Rb8 26. Rc1
Rb6 27. f3 Bxd3 28. Bxd3 Rb2 29. Rc2 h6 30. Rxb2 Nxb2 31. Bc2 Nc4 32. Kf2 Kf8
33. Bb3 Nb6 34. g4 Ke7 35. Kg3 Kd6 36. Kf4 a5 37. a4 1-0

[Event "4NCL/Div1/BARB1-BARB2"]
[Site "Rd01-Birmingham"]
[Date "2000.09.23"]
[Round "1.2"]
[White "Palliser, Richard"]
[Black "Crouch, Colin"]
[Result "1-0"]
[WhiteElo "2322"]
[BlackElo "2448"]
[PlyCount "79"]
[EventDate "2000.09.23"]

1. d4 Nf6 2. Nf3 b6 3. e3 Bb7 4. Bd3 e6 5. O-O c5 6. c4 Be7 7. Nc3 O-O 8. d5
exd5 9. cxd5 d6 10. e4 Na6 11. Re1 Nc7 12. Rb1 a6 13. a4 Rb8 14. b4 cxb4 15.
Rxb4 Nd7 16. Be3 a5 17. Rb1 Na6 18. Bxa6 Bxa6 19. Nd4 Bb7 20. Nf5 Re8 21. Bd4
Bf8 22. Nh6+ gxh6 23. Qg4+ Qg5 24. Qxd7 Bc8 25. Qb5 Bh3 26. Qf1 f5 27. f4 Qg6
28. Re3 Bg4 29. h3 Bh5 30. exf5 Qxf5 31. g4 Qc2 32. Rc1 Qb2 33. gxh5 Rxe3 34.
Bxe3 Bg7 35. Nd1 Qa3 36. Qc4 Re8 37. Kf2 Bf6 38. Rb1 Bh4+ 39. Kf3 Be1 40. Qb3
1-0

[Event "4NCL/Div1/BARB1-BARB2"]
[Site "Rd01-Birmingham"]
[Date "2000.09.23"]
[Round "1.3"]
[White "Kelly, Brian"]
[Black "Plueg, Andreas"]
[Result "1/2-1/2"]
[WhiteElo "2426"]
[BlackElo "2313"]
[PlyCount "81"]
[EventDate "2000.09.23"]

1. c4 Nf6 2. Nf3 c5 3. Nc3 b6 4. d4 cxd4 5. Nxd4 Bb7 6. f3 e6 7. e4 Nc6 8. Nxc6
dxc6 9. Qxd8+ Rxd8 10. Be2 e5 11. Be3 Nd7 12. Na4 Nc5 13. Nxc5 Bxc5 14. Bxc5
bxc5 15. Rc1 Kd7 16. Kf2 Kc7 17. Ke3 Rd4 18. Rc3 Rb8 19. Ra3 a6 20. Rc1 Bc8 21.
Rc2 Rb4 22. Bd3 f6 23. g3 Kb6 24. Rac3 Kc7 25. f4 Be6 26. h4 Rd8 27. Rf2 Rdb8
28. Rcc2 a5 29. f5 Bf7 30. g4 h6 31. Rg2 Kd6 32. b3 a4 33. Rcd2 Ke7 34. Bc2 a3
35. g5 hxg5 36. hxg5 Rh8 37. Rh2 Rbb8 38. g6 Rxh2 39. Rxh2 Bg8 40. Rd2 Rb7 41.
Bd1 1/2-1/2

[Event "4NCL/Div1/BARB1-BARB2"]
[Site "Rd01-Birmingham"]
[Date "2000.09.23"]
[Round "1.4"]
[White "Duncan, Chris"]
[Black "Collinson, Adam"]
[Result "1/2-1/2"]
[WhiteElo "2310"]
[BlackElo "2404"]
[PlyCount "30"]
[EventDate "2000.09.23"]

1. c4 e5 2. Nc3 Nf6 3. Nf3 Nc6 4. g3 Nd4 5. Bg2 Nxf3+ 6. Bxf3 Bb4 7. Qb3 Bc5 8.
O-O O-O 9. d3 h6 10. Bg2 c6 11. Bd2 Bb6 12. Rac1 d6 13. Rfd1 Re8 14. Be1 Rb8
15. Ne4 Bc7 1/2-1/2

[Event "4NCL/Div1/BARB1-BARB2"]
[Site "Rd01-Birmingham"]
[Date "2000.09.23"]
[Round "1.5"]
[White "Knott, Simon"]
[Black "Hanley, Craig"]
[Result "1/2-1/2"]
[WhiteElo "2381"]
[BlackElo "2294"]
[PlyCount "39"]
[EventDate "2000.09.23"]

1. c4 e5 2. Nc3 Nc6 3. e3 f5 4. d4 Bb4 5. Nge2 Nf6 6. a3 Bxc3+ 7. Nxc3 d6 8.
Be2 O-O 9. O-O a5 10. Rb1 Bd7 11. b4 axb4 12. axb4 e4 13. Qb3 Ne7 14. Bb2 c6
15. d5 cxd5 16. Rfd1 Qb6 17. b5 f4 18. Nxd5 Nfxd5 19. cxd5 fxe3 20. Qxe3
1/2-1/2

[Event "4NCL/Div1/BARB1-BARB2"]
[Site "Rd01-Birmingham"]
[Date "2000.09.23"]
[Round "1.6"]
[White "Kenworthy, Gary"]
[Black "Ferguson, Mark"]
[Result "0-1"]
[WhiteElo "2283"]
[BlackElo "2374"]
[PlyCount "80"]
[EventDate "2000.09.23"]

1. e4 e5 2. Nf3 Nc6 3. Nc3 Nf6 4. d4 exd4 5. Nd5 Be7 6. Bc4 d6 7. Nxd4 Nxd4 8.
Qxd4 Nxd5 9. exd5 O-O 10. Qd3 Bg4 11. O-O Qd7 12. Qg3 Bf6 13. Be3 a6 14. c3
Rfe8 15. Bd3 Bf5 16. Rad1 Bxd3 17. Rxd3 Re4 18. Qf3 Rae8 19. b3 b5 20. h3 Qe7
21. g3 g6 22. Kg2 h5 23. Bd4 Bxd4 24. Rxd4 Rxd4 25. cxd4 Qg5 26. h4 Qd2 27. a4
Qxd4 28. Rc1 Re7 29. a5 Re5 30. Rxc7 Rf5 31. Qe3 Qxd5+ 32. Kh2 Re5 33. Qh6 Re8
34. Qf4 Re1 35. f3 Re2+ 36. Kh3 Qe6+ 37. g4 hxg4+ 38. Qxg4 Qe5 39. Qg3 Qa1 40.
Kg4 Qh1 0-1

[Event "4NCL/Div1/BARB1-BARB2"]
[Site "Rd01-Birmingham"]
[Date "2000.09.23"]
[Round "1.8"]
[White "Rutherford, Elaine"]
[Black "Kieran, Rosalind"]
[Result "1-0"]
[WhiteElo "2050"]
[BlackElo "2106"]
[PlyCount "91"]
[EventDate "2000.09.23"]

1. Nc3 d5 2. e4 d4 3. Nce2 c5 4. Ng3 g6 5. Bc4 Nc6 6. f4 e6 7. Nf3 Bg7 8. O-O
Nge7 9. f5 Na5 10. Bb5+ Bd7 11. Qe2 exf5 12. exf5 O-O 13. Bxd7 Qxd7 14. Ne5 Qd6
15. f6 d3 16. Nxd3 Bxf6 17. Ne4 Bd4+ 18. Kh1 Qe6 19. c3 f5 20. Ng3 Qxe2 21.
Nxe2 c4 22. Nxd4 cxd3 23. b3 Nac6 24. Ne6 Rf6 25. Nc5 b6 26. Nxd3 Rd8 27. Nf2
Re6 28. d4 Re2 29. Nd3 Nd5 30. Bg5 Rde8 31. Nf4 Nxf4 32. Bxf4 Rc2 33. d5 Ne7
34. c4 Kf7 35. Rfd1 Rf2 36. Bc7 Rc8 37. d6 Nc6 38. b4 Ke6 39. b5 Nb8 40. Re1+
Kf6 41. Re7 Rd2 42. Rae1 Kg5 43. Rxh7 Kf6 44. h4 Rd4 45. Ree7 g5 46. Rh6# 1-0

[Event "4NCL/Div1/GUI-MM"]
[Site "Rd01-Birmingham"]
[Date "2000.09.23"]
[Round "1.1"]
[White "Conquest, Stuart"]
[Black "Pert, Nicholas"]
[Result "1/2-1/2"]
[WhiteElo "2529"]
[BlackElo "2455"]
[PlyCount "92"]
[EventDate "2000.09.23"]

1. d4 e6 2. g3 Nf6 3. Bg2 c5 4. Nf3 cxd4 5. O-O Nc6 6. Nxd4 Qb6 7. Nb3 d5 8. a4
Be7 9. a5 Qd8 10. Nc3 O-O 11. a6 bxa6 12. e4 dxe4 13. Nxe4 Nxe4 14. Bxe4 Bb7
15. Bf4 Qc8 16. Qe2 Nb4 17. c4 Bxe4 18. Qxe4 Qc6 19. Qxc6 Nxc6 20. Rfd1 Rfc8
21. Rxa6 e5 22. Be3 Rab8 23. Na5 Nxa5 24. Rxa5 Rxc4 25. Rxa7 Bf8 26. Rdd7 Rcb4
27. Rxf7 Rxb2 28. h4 Re8 29. Kg2 Rb5 30. Rfd7 Rb4 31. h5 h6 32. Kf3 Rc4 33. g4
Rc6 34. Ke4 Rc4+ 35. Kf5 Rc6 36. g5 hxg5 37. Bxg5 e4 38. Be3 Rf6+ 39. Kg4 Rfe6
40. Bg5 Rc6 41. Rab7 Ra6 42. Rf7 Ra1 43. Rfd7 Rg1+ 44. Kf5 Rh1 45. Kg4 Rg1+ 46.
Kf5 Rh1 1/2-1/2

[Event "4NCL/Div1/GUI-MM"]
[Site "Rd01-Birmingham"]
[Date "2000.09.23"]
[Round "1.2"]
[White "Ledger, Andrew"]
[Black "Rowson, Jonathan"]
[Result "0-1"]
[WhiteElo "2441"]
[BlackElo "2494"]
[PlyCount "76"]
[EventDate "2000.09.23"]

1. e4 c5 2. Nc3 Nc6 3. g3 g6 4. d3 Bg7 5. Be3 d6 6. Bg2 Rb8 7. Qd2 b5 8. f4 b4
9. Nd1 Qb6 10. Nf3 f5 11. h3 Nf6 12. Nh4 fxe4 13. dxe4 Bb7 14. Bf2 Nd4 15. Bxd4
cxd4 16. Nf2 O-O 17. f5 d5 18. exd5 Nxd5 19. fxg6 Qe6+ 20. Qe2 Ne3 21. Bxb7
Rxb7 22. gxh7+ Kxh7 23. Qd3+ Kg8 24. Ne4 Rc7 25. Ng5 Nxc2+ 26. Kd1 Ne3+ 27. Ke2
Rc2+ 28. Qxc2 Qa6+ 29. Qd3 Rf2+ 30. Kxf2 Qxd3 31. Rac1 Nc2 32. Rhd1 Qe3+ 33.
Kg2 d3 34. Ngf3 e5 35. Ng1 Bh6 36. Nhf3 e4 37. Ne5 Qc5 38. Nd7 Qe7 0-1

[Event "4NCL/Div1/GUI-MM"]
[Site "Rd01-Birmingham"]
[Date "2000.09.23"]
[Round "1.3"]
[White "King, Daniel"]
[Black "Williams, Simon"]
[Result "1/2-1/2"]
[WhiteElo "2525"]
[BlackElo "2353"]
[PlyCount "48"]
[EventDate "2000.09.23"]

1. e4 e6 2. d4 d5 3. Nc3 Bb4 4. e5 c5 5. a3 Bxc3+ 6. bxc3 Qa5 7. Bd2 Qa4 8. Qb1
c4 9. Ne2 f6 10. exf6 Nxf6 11. Ng3 O-O 12. Be2 Nc6 13. O-O Bd7 14. Qxb7 Qxc2
15. Bg5 Na5 16. Qc7 Qa4 17. Rae1 Nb3 18. Bf3 Rac8 19. Qd6 Rc6 20. Qb4 Ra6 21.
Bxf6 Rxf6 22. Nh5 Rf7 23. Qb8+ Rf8 24. Qe5 Rf7 1/2-1/2

[Event "4NCL/Div1/GUI-MM"]
[Site "Rd01-Birmingham"]
[Date "2000.09.23"]
[Round "1.5"]
[White "Baker, Chris W"]
[Black "Pert, Richard"]
[Result "1/2-1/2"]
[WhiteElo "2372"]
[BlackElo "2239"]
[PlyCount "73"]
[EventDate "2000.09.23"]

1. e4 c5 2. Nf3 d6 3. d4 cxd4 4. Nxd4 Nf6 5. Nc3 g6 6. Be3 Bg7 7. f3 O-O 8. Qd2
Nc6 9. O-O-O Bd7 10. g4 Rc8 11. h4 Ne5 12. Kb1 b5 13. Ncxb5 Rb8 14. c4 a6 15.
Nc3 Nxf3 16. Nxf3 Nxe4 17. Nxe4 Rxb2+ 18. Qxb2 Bxb2 19. Kxb2 Bxg4 20. Be2 Qa5
21. Rd3 d5 22. Ned2 Bxf3 23. Bxf3 dxc4 24. Nxc4 Qb4+ 25. Rb3 Qxc4 26. h5 e5 27.
hxg6 hxg6 28. Rc1 Qe6 29. Rc6 Qf5 30. Be2 Rc8 31. Rxc8+ Qxc8 32. Bf3 Qc4 33.
Rc3 Qb4+ 34. Rb3 Qc4 35. Rc3 Qb4+ 36. Rb3 Qc4 37. Rc3 1/2-1/2

[Event "4NCL/Div1/GUI-MM"]
[Site "Rd01-Birmingham"]
[Date "2000.09.23"]
[Round "1.6"]
[White "Naylor, John"]
[Black "Povah, Nigel"]
[Result "0-1"]
[WhiteElo "2241"]
[BlackElo "2359"]
[PlyCount "81"]
[EventDate "2000.09.23"]

1. e4 d5 2. exd5 Nf6 3. Be2 Nxd5 4. d4 Bf5 5. Nf3 e6 6. O-O Be7 7. c4 Nb4 8.
Ne1 c5 9. a3 N4c6 10. d5 exd5 11. cxd5 Nd4 12. Nc3 O-O 13. Bd3 Bd6 14. Bxf5
Nxf5 15. Nf3 Re8 16. Bg5 Qd7 17. Qd3 h6 18. Bd2 Nc6 19. Qb5 Ne5 20. Qxd7 Nxd7
21. Rfe1 Ne5 22. Nxe5 Bxe5 23. Be3 Bd4 24. Bxd4 Nxd4 25. Kf1 Kf8 26. Rxe8+ Kxe8
27. Rd1 Kd7 28. Ne4 b6 29. b4 Nb3 30. Rd3 Re8 31. Rxb3 Rxe4 32. bxc5 bxc5 33.
Rb7+ Kd6 34. Rxa7 c4 35. f3 Re8 36. Ra6+ Kxd5 37. Ra5+ Kd4 38. Ra7 c3 39. Rxf7
c2 40. Rc7 Kd3 41. Rd7+ 0-1

[Event "4NCL/Div1/GUI-MM"]
[Site "Rd01-Birmingham"]
[Date "2000.09.23"]
[Round "1.7"]
[White "Webb, Richard"]
[Black "Ledger, Stephen"]
[Result "1-0"]
[WhiteElo "2353"]
[BlackElo "2200"]
[PlyCount "63"]
[EventDate "2000.09.23"]

1. e4 c5 2. Nc3 Nc6 3. Nge2 d6 4. g3 g6 5. d4 cxd4 6. Nxd4 Bg7 7. Nde2 Nf6 8.
Bg2 O-O 9. O-O Bd7 10. a4 Rc8 11. Nd5 Nxd5 12. exd5 Ne5 13. Ra2 Bg4 14. f3 Qb6+
15. Kh1 Bd7 16. b3 e6 17. Nf4 Rfd8 18. c4 a5 19. Rd2 Bh6 20. Ba3 Nxc4 21. bxc4
e5 22. Rb2 Qa6 23. Ne2 Rxc4 24. Qb3 Rxa4 25. Nc3 Rc4 26. Ne4 Rc1 27. Rb1 Rxb1
28. Rxb1 b5 29. Nf6+ Kg7 30. Nxd7 Rxd7 31. Qxb5 Qa7 32. Qc6 1-0

[Event "4NCL/Div1/IND2-IND1"]
[Site "Rd01-Birmingham"]
[Date "2000.09.23"]
[Round "1.2"]
[White "Chandler, Murray"]
[Black "Bellin, Robert"]
[Result "1-0"]
[WhiteElo "2526"]
[BlackElo "2369"]
[PlyCount "99"]
[EventDate "2000.09.23"]

1. e4 c5 2. Nf3 d6 3. d4 cxd4 4. Nxd4 Nf6 5. Nc3 Nc6 6. Bg5 e6 7. Qd2 a6 8.
O-O-O h6 9. Nxc6 bxc6 10. Bf4 d5 11. Qe3 Qe7 12. exd5 cxd5 13. Be2 Qa7 14. Qg3
d4 15. Qd3 Bd7 16. Qxd4 Bc5 17. Qe5 Bxf2 18. Bf3 Rc8 19. Rd3 Bb6 20. Qe2 O-O
21. Be5 Nh7 22. h4 Rfd8 23. Rhd1 Be8 24. Be4 Rxd3 25. Bxd3 a5 26. Nd5 Bc5 27.
Ba6 Rc6 28. Bb5 exd5 29. Bxc6 Bxc6 30. Qg4 f5 31. Qxf5 Bd7 32. Qg6 Bc8 33. Qe8+
Bf8 34. Qxc8 Qe3+ 35. Kb1 Qxe5 36. Qa8 Nf6 37. Qxa5 Qe2 38. Rc1 d4 39. Qb6 Qf2
40. Qb7 Kh7 41. a4 Bc5 42. a5 Qe3 43. a6 d3 44. Qf3 d2 45. Rd1 Qd4 46. Qd3+
Qxd3 47. cxd3 Nd5 48. Rxd2 Nb4 49. d4 Bb6 50. Re2 1-0

[Event "4NCL/Div1/IND2-IND1"]
[Site "Rd01-Birmingham"]
[Date "2000.09.23"]
[Round "1.3"]
[White "Richardson, John"]
[Black "Gallagher, Joe"]
[Result "1/2-1/2"]
[WhiteElo "2348"]
[BlackElo "2514"]
[PlyCount "122"]
[EventDate "2000.09.23"]

1. d4 Nf6 2. Nf3 g6 3. Bg5 Bg7 4. Nbd2 O-O 5. e3 d6 6. Bd3 h6 7. Bh4 Nbd7 8. c3
e5 9. Qb3 Kh8 10. O-O Qe8 11. Qc2 Nh5 12. e4 Nf4 13. dxe5 dxe5 14. Rfe1 Nxd3
15. Qxd3 Nc5 16. Qd5 Na4 17. b3 Nxc3 18. Qa5 Nb5 19. a4 Nd4 20. Qxc7 Nxf3+ 21.
Nxf3 f6 22. Red1 g5 23. Bg3 Qf7 24. Qxf7 Rxf7 25. Rd6 Bg4 26. Rad1 Rc8 27. h4
Bxf3 28. gxf3 Rc3 29. b4 Rc4 30. Rd8+ Kh7 31. b5 Rxa4 32. R1d7 Rxd7 33. Rxd7 b6
34. Kg2 Ra5 35. Kh3 Rxb5 36. Rxa7 h5 37. hxg5 fxg5 38. Rc7 Kg6 39. Rc6+ Bf6 40.
Kg2 Kf7 41. Bh2 Rb1 42. Bg3 Ke7 43. Bh2 Rb3 44. Bg3 Rb5 45. Bh2 Kf7 46. Bg3 Be7
47. Bh2 Ba3 48. Rh6 h4 49. Kh3 Bb2 50. Kg4 Rb3 51. Rh7+ Kg6 52. Re7 Kf6 53. Re8
Bd4 54. Rf8+ Ke6 55. Kxg5 Rb2 56. Kxh4 Bxf2+ 57. Bg3 Bd4 58. Rg8 b5 59. Rg6+
Kf7 60. Kg5 Rb3 61. Rf6+ Ke7 1/2-1/2

[Event "4NCL/Div1/IND2-IND1"]
[Site "Rd01-Birmingham"]
[Date "2000.09.23"]
[Round "1.4"]
[White "Flear, Glenn"]
[Black "Giddins, Stephen"]
[Result "1-0"]
[WhiteElo "2480"]
[BlackElo "2315"]
[PlyCount "147"]
[EventDate "2000.09.23"]

1. d4 e6 2. c4 Nf6 3. Nf3 b6 4. e3 Bb7 5. Bd3 d5 6. O-O Bd6 7. Nc3 O-O 8. b3 a6
9. Bb2 Nbd7 10. Rc1 Qe7 11. Na4 Ne4 12. Qc2 Rac8 13. Rfd1 f5 14. Ne5 dxc4 15.
bxc4 Nxe5 16. dxe5 Bb4 17. Nc3 Nxc3 18. Bxc3 Bc5 19. Bd4 Rcd8 20. Bf1 Bc6 21.
Bxc5 Qxc5 22. Qc3 Rxd1 23. Rxd1 f4 24. exf4 Rxf4 25. Rd8+ Rf8 26. Qd4 Qxd4 27.
Rxd4 Kf7 28. f4 Ke7 29. g3 Rd8 30. Rxd8 Kxd8 31. Kf2 Bb7 32. Bd3 h6 33. Ke3 c5
34. h4 Bg2 35. g4 Ke7 36. f5 Bc6 37. Be4 Bd7 38. Kf4 b5 39. Bb7 a5 40. cxb5
Bxb5 41. Bc8 exf5 42. gxf5 c4 43. Bb7 c3 44. Be4 Bc4 45. a3 Bb3 46. Ke3 g5 47.
fxg6 Ke6 48. g7 Kf7 49. Kd3 c2 50. Kd2 Kxg7 51. Bxc2 Bd5 52. Ke3 Kf7 53. Kd4
Ba2 54. Bf5 Bb3 55. Kc5 Ke7 56. Kb5 a4 57. Kb4 Bd1 58. Kc5 Bb3 59. Kd4 Bd1 60.
Bd3 Ke6 61. Bc4+ Ke7 62. Kc3 Kd7 63. Kb4 Ke7 64. Bb5 Ke6 65. Bxa4 Be2 66. Bb3+
Kxe5 67. Kc5 Ba6 68. a4 Bc8 69. a5 Ba6 70. Bc4 Bc8 71. Kb6 Kd4 72. Bf1 Kc3 73.
Bg2 Kb4 74. Bc6 1-0

[Event "4NCL/Div1/IND2-IND1"]
[Site "Rd01-Birmingham"]
[Date "2000.09.23"]
[Round "1.5"]
[White "Hassabis, Demis"]
[Black "Hebden, Mark"]
[Result "0-1"]
[WhiteElo "2237"]
[BlackElo "2505"]
[PlyCount "66"]
[EventDate "2000.09.23"]

1. c4 g6 2. Nc3 Bg7 3. g3 Nf6 4. Bg2 O-O 5. e4 c5 6. Nge2 Nc6 7. O-O a6 8. f4
d6 9. Rb1 Bg4 10. h3 Bxe2 11. Nxe2 Ne8 12. d3 b5 13. Be3 Rc8 14. Qd2 Nd4 15.
Bxd4 cxd4 16. cxb5 axb5 17. Rfc1 Nc7 18. Qa5 e5 19. Rc6 Ne6 20. Qxb5 Rxc6 21.
Qxc6 Qa5 22. Qc2 Qxa2 23. h4 Rb8 24. Bh3 Nc5 25. Nc1 Qa5 26. Kf1 Qb5 27. Kf2 d5
28. fxe5 dxe4 29. Bf1 e3+ 30. Kg2 Bxe5 31. Qc4 Qb7+ 32. Kh2 Qf3 33. Ne2 Nb3 0-1

[Event "4NCL/Div1/IND2-IND1"]
[Site "Rd01-Birmingham"]
[Date "2000.09.23"]
[Round "1.6"]
[White "McDonald, Neil"]
[Black "Friedgood, David"]
[Result "1-0"]
[WhiteElo "2439"]
[BlackElo "2235"]
[PlyCount "59"]
[EventDate "2000.09.23"]

1. e4 c5 2. Nf3 Nc6 3. c3 e6 4. d4 d5 5. exd5 exd5 6. Be3 cxd4 7. Nxd4 Bd6 8.
Nd2 Nge7 9. Bd3 O-O 10. N2f3 h6 11. h3 f5 12. O-O f4 13. Bd2 Bc5 14. Re1 Bxd4
15. Nxd4 Nxd4 16. cxd4 Nc6 17. Qh5 Qg5 18. Qxg5 hxg5 19. Bc3 Bf5 20. Bb5 Rfe8
21. f3 Kf7 22. Kf2 Rxe1 23. Rxe1 Re8 24. Rh1 Re6 25. Ba4 Re8 26. Bb3 Be6 27. a4
Kf6 28. h4 Bf7 29. hxg5+ Kxg5 30. a5 {time} 1-0

[Event "4NCL/Div1/IND2-IND1"]
[Site "Rd01-Birmingham"]
[Date "2000.09.23"]
[Round "1.7"]
[White "Wade, Robert"]
[Black "Hennigan, Michael"]
[Result "0-1"]
[WhiteElo "2213"]
[BlackElo "2455"]
[PlyCount "72"]
[EventDate "2000.09.23"]

1. e4 c5 2. g3 Nc6 3. Bg2 g6 4. f4 Bg7 5. Nf3 d6 6. O-O e6 7. Nc3 Nge7 8. d3
O-O 9. Be3 e5 10. fxe5 Nxe5 11. Nxe5 Bxe5 12. Bh6 Bg7 13. Bxg7 Kxg7 14. d4 Nc6
15. dxc5 dxc5 16. Nd5 Be6 17. Qd2 Qd6 18. Rad1 Qe5 19. c3 Rad8 20. b4 cxb4 21.
cxb4 Rd7 22. b5 Ne7 23. Qf4 Qxf4 24. Nxf4 Bg4 25. Rxd7 Bxd7 26. a4 Rc8 27. e5
b6 28. Nd5 Nf5 29. Rd1 Be6 30. Nf4 Bb3 31. Rd7 Rc1+ 32. Kf2 Rc2+ 33. Kf3 Bxa4
34. g4 Bxb5 35. Ne6+ Kh6 36. g5+ Kh5 0-1

[Event "4NCL/Div1/IND2-IND1"]
[Site "Rd01-Birmingham"]
[Date "2000.09.23"]
[Round "1.8"]
[White "Bellin, Jana"]
[Black "Richards, Heather"]
[Result "0-1"]
[WhiteElo "2190"]
[BlackElo "2109"]
[PlyCount "74"]
[EventDate "2000.09.23"]

1. d4 e6 2. Nf3 Nf6 3. c4 Bb4+ 4. Nbd2 c5 5. a3 Bxd2+ 6. Qxd2 b6 7. e3 Bb7 8.
Be2 O-O 9. O-O Nc6 10. b3 Rc8 11. dxc5 bxc5 12. Bb2 Ne4 13. Qc2 f5 14. Rfd1 d6
15. Nd2 Qh4 16. g3 Qh6 17. Nxe4 fxe4 18. Bg4 Rcd8 19. Rd2 Rf7 20. Bc3 Rdf8 21.
b4 cxb4 22. axb4 a6 23. Qd1 Nd8 24. Qf1 e5 25. Qh3 Qf6 26. Qh4 g5 27. Qh5 Rc7
28. c5 d5 29. Bd1 Kh8 30. Bb3 Rd7 31. h4 d4 32. hxg5 Qg7 33. Qh6 Qe7 34. exd4
Rf3 35. Rc1 e3 36. Re2 exd4 37. Bd2 exd2 {time} 0-1

[Event "4NCL/Div1/RIC-SL"]
[Site "Rd01-Birmingham"]
[Date "2000.09.23"]
[Round "1.1"]
[White "Rossi, Carlo"]
[Black "Miles, Anthony"]
[Result "0-1"]
[WhiteElo "2346"]
[BlackElo "2584"]
[PlyCount "84"]
[EventDate "2000.09.23"]

1. e4 Nc6 2. Nf3 e5 3. Be2 Nf6 4. d3 d5 5. Nbd2 Be7 6. O-O O-O 7. c3 a5 8. Re1
Re8 9. Bf1 Bf8 10. b3 d4 11. cxd4 Nxd4 12. Bb2 Nxf3+ 13. Nxf3 Bg4 14. h3 Bxf3
15. Qxf3 Bc5 16. Rac1 b6 17. d4 Bxd4 18. Bxd4 exd4 19. Bb5 Re5 20. Bc6 Rb8 21.
Qg3 Qd6 22. f4 Rc5 23. e5 Qxc6 24. exf6 Qxf6 25. Rxc5 bxc5 26. Re5 Rd8 27. Qe1
Qc6 28. Qxa5 d3 29. Qd2 c4 30. bxc4 Qxc4 31. Kh2 h6 32. f5 Qd4 33. Re1 c5 34.
Rf1 c4 35. f6 c3 36. Qd1 c2 37. Qd2 Qe5+ 38. Kg1 Qg5 39. Qc3 Qe3+ 40. Kh2 Qd4
41. Qd2 Qe5+ 42. Kg1 Qe2 0-1

[Event "4NCL/Div1/RIC-SL"]
[Site "Rd01-Birmingham"]
[Date "2000.09.23"]
[Round "1.2"]
[White "Wohl, Aleksandar"]
[Black "Wall, Gavin"]
[Result "1/2-1/2"]
[WhiteElo "2461"]
[BlackElo "2384"]
[PlyCount "161"]
[EventDate "2000.09.23"]

1. g3 f5 2. Bg2 Nf6 3. d3 e5 4. Nf3 Nc6 5. O-O g6 6. a3 Bg7 7. b4 e4 8. dxe4
Nxe4 9. c3 d5 10. Qb3 Be6 11. Be3 Qd7 12. Nd4 Ne5 13. Nxe6 Qxe6 14. Bd4 O-O 15.
Nd2 Rae8 16. Nxe4 fxe4 17. Bxe5 Qxe5 18. e3 b5 19. a4 a6 20. axb5 axb5 21. Bh3
Rd8 22. Ra6 Rf6 23. Rxf6 Bxf6 24. Qa2 c6 25. Rc1 Qc7 26. Bg2 Kg7 27. Qa3 Rd7
28. Ra1 Qe5 29. Bh3 Rf7 30. Rc1 h5 31. Qa8 Qc7 32. Rc2 Rf8 33. Qa1 Kh6 34. Ra2
Qg7 35. Ra3 Be5 36. Qc1 Qf6 37. Qd2 Rf7 38. Bg2 Qg7 39. Bh3 Ra7 40. Rxa7 Qxa7
41. Qb2 Qg7 42. Qa3 Bxc3 43. Qa8 Qf6 44. Bd7 Be1 45. f4 exf3 46. Bxc6 Bxb4 47.
Bxd5 Bc5 48. Bxf3 Bxe3+ 49. Kg2 b4 50. Qe4 Qb2+ 51. Kh3 Qf2 52. g4 h4 53. Qa8
Bd4 54. Qf8+ Kg5 55. Qe7+ Bf6 56. Qe4 Qf1+ 57. Bg2 Qf4 58. Qd5+ Be5 59. Qd8+
Bf6 60. Qd5+ Kh6 61. Qe4 Qxe4 62. Bxe4 b3 63. Kg2 Be5 64. h3 Kg5 65. Kf3 Kf6
66. Bd5 b2 67. Ba2 g5 68. Ke4 Bf4 69. Kd5 Ke7 70. Bb1 Kd7 71. Be4 Kc7 72. Kc5
Be3+ 73. Kd5 Kb6 74. Bd3 Bf2 75. Bb1 Kb5 76. Ke4 Kc4 77. Kf3 Bb6 78. Ke2 Kc3
79. Bh7 Kd4 80. Bb1 Ke5 81. Kf3 1/2-1/2

[Event "4NCL/Div1/RIC-SL"]
[Site "Rd01-Birmingham"]
[Date "2000.09.23"]
[Round "1.3"]
[White "Quinn, Mark"]
[Black "Wells, Peter"]
[Result "1/2-1/2"]
[WhiteElo "2381"]
[BlackElo "2505"]
[PlyCount "100"]
[EventDate "2000.09.23"]

1. c4 e6 2. g3 d5 3. Nf3 dxc4 4. Qa4+ Nd7 5. Bg2 a6 6. Qxc4 b5 7. Qc2 Bb7 8.
O-O c5 9. b3 Be7 10. Bb2 Ngf6 11. d3 O-O 12. Nbd2 Rc8 13. Rfe1 Qb6 14. e4 Nb8
15. Ne5 Rfd8 16. Ndf3 Ne8 17. Qe2 f6 18. Ng4 Rc7 19. h4 Bc8 20. h5 e5 21. Ne3
Be6 22. Nh4 Nc6 23. Nd5 Bxd5 24. exd5 Nd4 25. Qg4 c4 26. Bxd4 Qxd4 27. Qe6+ Kf8
28. Nf5 Qg4 29. dxc4 bxc4 30. Re4 Qxh5 31. bxc4 Nd6 32. Nxd6 Rxd6 33. Qh3 Qxh3
34. Bxh3 Rb6 35. Rd1 Bd6 36. Rd2 Rb4 37. Rc2 g6 38. g4 Rc5 39. f3 Ke7 40. Bf1
Bc7 41. Rh2 Bb6 42. Rxh7+ Kd6 43. Kg2 Ra5 44. Rf7 Rxa2+ 45. Re2 Rxe2+ 46. Bxe2
Rb2 47. Rxf6+ Kc7 48. Kf1 Rb1+ 49. Kg2 Rb2 50. Kf1 Rb1+ 1/2-1/2

[Event "4NCL/Div1/RIC-SL"]
[Site "Rd01-Birmingham"]
[Date "2000.09.23"]
[Round "1.4"]
[White "Summerscale, Aaron"]
[Black "Bates, Richard"]
[Result "1-0"]
[WhiteElo "2465"]
[BlackElo "2357"]
[PlyCount "81"]
[EventDate "2000.09.23"]

1. Nf3 Nf6 2. c4 g6 3. Nc3 Bg7 4. e4 d6 5. d4 O-O 6. Be2 Na6 7. O-O e5 8. Bg5
h6 9. Bh4 exd4 10. Nxd4 Nc5 11. f3 a5 12. Bf2 a4 13. Qd2 Re8 14. Rfd1 Nh5 15.
Bf1 Be5 16. g3 Kh7 17. Rac1 c6 18. Nxc6 bxc6 19. Bxc5 Qf6 20. Bxd6 Qxf3 21.
Bxe5 Rxe5 22. Bg2 Qf6 23. Qd8 Re7 24. Qd4 Qg5 25. Qd2 Qc5+ 26. Qf2 Qe5 27. Rd8
a3 28. b3 Bb7 29. Rxa8 Bxa8 30. Na4 Nf6 31. Re1 Qa5 32. Rd1 Qe5 33. Qc5 Qc7 34.
Qd6 Qa7+ 35. Qd4 Qxd4+ 36. Rxd4 Nd7 37. Bh3 Ne5 38. Rd8 Bb7 39. Nc5 Nf3+ 40.
Kf2 Ng5 41. Bd7 1-0